Does it matter? : οι τεχνολογίες πληροφορικής και επικοινωνιών ως συγκριτικό επιχειρηματικό πλεονέκτημα
Αποθηκεύτηκε σε:
| Κύριος συγγραφέας: | |
|---|---|
| Άλλοι συγγραφείς: | |
| Μορφή: | Βιβλίο |
| Γλώσσα: | Greek |
| Δημοσίευση: |
Αθήνα :
Εκδόσεις Πανεπιστημίου Μακεδονίας,
c2006
|
| Θέματα: | |
| Ετικέτες: |
Προσθήκη ετικέτας
Δεν υπάρχουν, Καταχωρήστε ετικέτα πρώτοι!
|
MARC
| LEADER | 00000nam a2200000 i 4500 | ||
|---|---|---|---|
| 001 | 1/20494 | ||
| 008 | 120613s2006 gre d | ||
| 020 | |a 960-8396-25-5 | ||
| 035 | |l 10112715 | ||
| 040 | |a GR-MY-UA |b gre |e aacr | ||
| 041 | 0 | |a gre | |
| 082 | 0 | |a 658.4062 |2 (22) | |
| 100 | 1 | |a Garr, Nicholas G. | |
| 245 | 1 | 0 | |a Does it matter? : |b οι τεχνολογίες πληροφορικής και επικοινωνιών ως συγκριτικό επιχειρηματικό πλεονέκτημα / |c Nicholas G. Carr ; μετάφραση, επιμέλεια Κ. Γ. Μαργαρίτης |
| 260 | |a Αθήνα : |b Εκδόσεις Πανεπιστημίου Μακεδονίας, |c c2006 | ||
| 300 | |a xxxiii, 234 σ.; |c 20 εκ. | ||
| 504 | |a Βιβλιογραφία: σ.205-219 | ||
| 504 | |a Ευρετήριο: σ.221-232 | ||
| 650 | 0 | 0 | |a Information technology. |
| 650 | 0 | 0 | |a Technological innovations. |
| 700 | 1 | |a Μαργαρίτης, Κ. Γ. |4 trl |4 edt | |
| 852 | |a INST |b CHIOS |c EUDOXUS |e 20120613 |h 658.4062 GAR |p 005200032811 |q 005200032811 |t EDX |y 0 | ||
| 901 | |a BIBL2-2012-2 | ||
| 909 | |a Χ |b 169242 | ||
| 920 | |a ΕΥΔΟΞΟΣ |b ΕΠΙΣΤΡΟΦΗ |y ΧΙΟΣ |z 2012-05 | ||
| 970 | |a ΣΠΕΝΤΖΑ |b ΕΛΕΝΗ |z 2012/06/13 | ||